Toutes les communes des Hautes-Pyrénées de plus de 1 000 habitants sur une carte - Statistiques

Statistiques générales
  • Ce quiz a été pris 38 fois
  • Le résultat moyen est 15 sur 32
Réponses sur la Carte
Les réponses sont colorées sur une échelle allant du rouge au vert en fonction du pourcentage des utilisateurs qui les ont devinées à leur premier essai. Vous pouvez retrouver ces pourcentages ci-dessous.
 
Statistiques - réponses
Population Ville % Correct
43 955 Tarbes
100%
13 509 Lourdes
97%
7 000 Bagnères-de-Bigorre
83%
2 850 Argelès-Gazost
70%
5 810 Lannemezan
70%
7 982 Aureilhan
63%
2 919 Ibos
63%
4 822 Vic-en-Bigorre
60%
5 161 Séméac
50%
1 288 Campan
47%
3 023 Soues
47%
3 500 Barbazan-Debat
43%
5 407 Bordères-sur-l'Échez
43%
4 022 Juillan
43%
2 245 Maubourguet
43%
1 105 Pouzac
43%
1 869 Laloubère
40%
3 303 Odos
40%
1 230 Tournay
40%
1 880 Bazet
37%
1 267 Capvern
37%
1 189 Horgues
37%
1 944 Orleix
37%
2 351 Ossun
37%
1 168 Gerde
33%
1 207 Oursbelille
33%
1 445 Rabastens-de-Bigorre
33%
1 111 Pierrefitte-Nestalas
27%
1 360 Andrest
23%
1 154 Saint-Pé-de-Bigorre
23%
1 089 Louey
20%
1 234 La Barthe-de-Neste
17%
Aucun quiz correspondant
Distribution des résultats
% des personnes avec chaque résultat
Percentile par nombre de réponses
Votre historique - résultats
Vous n’avez pas pris ce quiz